Les villes les plus peuplées à 1000 kilomètres à la ronde - Statistiques

Statistiques générales
  • Ce quiz a été pris 7 185 fois
  • Le résultat moyen est 39 sur 78
Réponses sur la Carte
Les réponses sont colorées sur une échelle allant du rouge au vert en fonction du pourcentage des utilisateurs qui les ont devinées à leur premier essai. Vous pouvez retrouver ces pourcentages ci-dessous.
 
Statistiques - réponses
pays D (km) ville % Correct
Royaume-Uni 2500 Londres
97%
Espagne 1054 Madrid
97%
Russia 2899 Moscou
94%
États Unis 3360 New York
94%
États Unis 2479 Los Angeles
91%
Japon 2903 Tokyo
89%
Turquie 1243 Istanbul
88%
Mexique 11319 Mexico
88%
Australie 5380 Sydney
88%
Egypt 4363 Le Caire
87%
États Unis 1484 Miami
84%
Argentina 1674 Buenos Aires
83%
États Unis 1158 Chicago
81%
Brazil 7423 São Paulo
80%
Chine 1201 Shanghai
80%
Inde 3654 Delhi
79%
Peru 3130 Lima
78%
Chili 1139 Santiago
78%
Afrique du Sud 1261 Le Cap
77%
Indonesie 3319 Jakarta
76%
Colombia 1869 Bogotá
75%
Afrique du Sud 4483 Johannesbourg
75%
India 1157 Mumbai
74%
Islande 1325 Reykjavik
74%
Bangladesh 1425 Dacca
71%
Senegal 1800 Dakar
71%
Iran 1913 Téhéran
71%
Philippines 1242 Manille
70%
États Unis 1092 Seattle
70%
Thailande 1533 Bangkok
68%
Arabie Saoudite 1301 Riyad
67%
Bolivia 1078 La Paz
66%
États Unis 1282 Dallas
64%
Rép dém Congo 1781 Kinshasa
64%
Madagascar 1610 Antananarivo
63%
Nigeria 6366 Lagos
61%
Malaisie 1177 Kuala Lumpur
58%
Chine --- Canton
56%
Australie 2729 Perth
56%
Soudan 1606 Khartoum
54%
Nouvelle-Zélande 2161 Auckland
52%
Guatemala 1059 Guatemala
48%
Tanzanie 2453 Dar es Salaam
44%
Somalia 1021 Mogadiscio
43%
Dominican Republic 1337 Saint-Domingue
43%
États Unis 3852 Honolulu
40%
Namibia 1141 Windhoek
40%
Papua New Guinea 2083 Port Moresby
37%
États Unis 2134 Anchorage
35%
Groenland 1437 Nu{uk}
34%
Micronésie 1016 We{no}
33%
Zambia 1190 Lusaka
32%
Seychelles 1085 Victoria
32%
Brazil 1294 Manaus
31%
Brazil 1630 Recife
30%
Fidji 1332 Suva
24%
Samoa 1151 Apia
22%
France 1457 Noumea
22%
Brazil 1129 Belém
20%
Russie 1018 Iekaterinbourg
18%
Îles Salomon 1402 Honiara
17%
China 1786 Ürümqi
17%
Chine 1240 Chengdu
16%
France 2409 Pa{peete}
16%
Australie 1284 Al{ice Springs}
15%
Kiribati 1871 Ta{rawa}
15%
Russie 1353 Iakoutsk
9%
Russie 1291 Novosibirsk
8%
Russie 1082 Noril'sk
4%
Russie 1512 Petropavlovsk- Kamchatsky
4%
Australie 1087 Townsville
4%
Russie 1492 An{adyr}
3%
Indonesie 1046 Jayapura
3%
Australie 1021 Po{rt Hedland}
3%
Îles Cook 1139 Av{arua}
2%
Chile 3535 Ha{nga Roa}
2%
États Unis 2039 Sa{ipan}
2%
Ecuador 1054 Pu{erto Ayora}
1%
Aucun quiz correspondant
Distribution des résultats
% des personnes avec chaque résultat
Percentile par nombre de réponses
Votre historique - résultats
Vous n’avez pas pris ce quiz